Представление документа в формате RUSMARC

ПолеНазваниеЗначение
  Тип записи a
  Библиографический уровень m
001 Контрольный номер RU/ГПНТБ России/KNIGADB/65.26/Б 42-234731608
005 Дата корректировки 20211223111032.9
010 Индекс ISBN __
a ISBN 978-5-907274-55-6
b Уточнения в пер.
d Цена 408-76
100 Данные общей обработки __
a Данные общей обработки 20210914d2020####ma y0rusy028902 ca
101 Язык документа 0_
a Язык текста rus
102 Страна публикации __
a Страна публикации RU
105 Кодированные данные (монография) __
a Кодированные данные (монография) y z 000yy
181 Поле кодированных данных: вид содержания _0
a Код вида содержания (ISBD) i
182 Поле кодированных данных: тип средства _0
a Код типа средства (ISBD) n
200 Заглавие и сведения об ответственности 1_
a Заглавие Не потеряй! О чем умолчал "папа" Кийосаки?
e Сведения, относящиеся к заглавию философия здравого смысла для частного инвестора
f Первые сведения об ответственности Исаак Беккер
203 Вид содержания и тип средства __
a Вид содержания Текст
c Тип средства непосредственный
205 Сведения об издании __
a Основные сведения об издании 3-е издание
210 Выходные данные 1_
a Место издания Москва
c Издательство Альпина Паблишер
d Дата издания 2020
215 Физическое описание __
a Объем 267 с.
c Иллюстрации/тип воспроизводства ил., табл., диагр.
d Формат 24 см
330 Аннотация __
a Аннотация Во все времена - и во время кризиса, и в "мирное" время - каждого нормального человека волнует вопрос, как не потерять и приумножить то, что заработано. Известный финансовый консультант Исаак Беккер подходит к решению этой задачи с позиции здравого смысла, опираясь на свой многолетний опыт работы с зарубежными и российскими клиентами. Раскрывая секреты организации личных финансов, он рассказывает о наиболее эффективных современных методах защиты капитала и вложения денег, приводит много практических примеров решения непростых житейских задач. Автор писал книгу в то время, когда разворачивался финансовый кризис 2008 г., и это нашло отражение в изложении материала и рекомендациях. Книга предназначена для широкого круга читателей, но особенно она будет интересна тем, кто уже успел заработать свой первый миллион, и тем, кто только стремится его заработать.
517 Другие варианты заглавия 1_
a Другие варианты заглавия О чем умолчал "папа" Кийосаки?
540 Дополнительное заглавие, сделанное каталогизатором 10
a Дополнительное заглавие, сделанное каталогизатором Философия здравого смысла для частного инвестора
606 Тематические рубрики __
a Основная рубрика Экономика
606 Тематические рубрики __
a Основная рубрика Инвестиции
610 Ключевые слова 1_
a Ключевые слова капитальные вложения
610 Ключевые слова 1_
a Ключевые слова инвестиционный портфель
610 Ключевые слова 1_
a Ключевые слова личные финансы
610 Ключевые слова 0_
a Ключевые слова семейный бюджет
610 Ключевые слова 0_
a Ключевые слова вложение денег
610 Ключевые слова 0_
a Ключевые слова денежные доходы
610 Ключевые слова 0_
a Ключевые слова защита капитала
610 Ключевые слова 0_
a Ключевые слова инвестирование денег
610 Ключевые слова 0_
a Ключевые слова инвестиции
610 Ключевые слова 0_
a Ключевые слова инвестиции капитала
610 Ключевые слова 0_
a Ключевые слова накопление капитала
610 Ключевые слова 1_
a Ключевые слова финансовая грамотность
610 Ключевые слова 1_
a Ключевые слова инвестирование
610 Ключевые слова 1_
a Ключевые слова личный капитал
686 Индексы других классификаций __
2 Код системы rubbks
a Классификационный индекс 65.263
700 Автор _1
a Фамилия Беккер
b Имя И. И.
g Полное личное имя Исаак Ильич
4 Код отношения 070
801 Источник записи _0
b Организация ГПНТБ России
a Страна RU
c Дата составления 20210914
g Правила каталогизации PSBO
801 Источник записи _1
b Организация ГПНТБ России
a Страна RU
c Дата составления 20210914
g Правила каталогизации PSBO
852 Данные о местонахождении 5_
j Шифр хранения 65.263
i Авторский знак Б 42
900 Макрообъекты __
a Макрообъекты Не потеряй! О чем умолчал папа Кийосаки. И. Беккер, 2020
901 Тип документа __
a Ответственный КиК/Котельникова
t Тип документа m
903 Характеристики (МАРС) __
a Дата передачи 20210917
c Наименование библиотеки (МАРС) Муниципальное бюджетное учреждение культуры "Централизованная библиотечная система" г. Сургут (Центральная городская библиотека им. А. С. Пушкина)
990 Данные о заказе (DOS) __
j Количество экземпляров (DOS) 3
t N записи в КСУ для И/У (DOS) 202109